| 000 | 00667nam a22001937a 4500 | ||
|---|---|---|---|
| 005 | 20251108174836.0 | ||
| 008 | 250721s9999 xx 000 0 ara d | ||
| 082 | 1 | 4 | _aط/219.4/منص |
| 100 | 1 | _aمنصور، عبد القادر | |
| 245 | 1 | 0 | _aأمامة بنت زينب بنت رسول الله صلى الله علية وسلم / |
| 264 | 1 |
_aحلب : _bدار الرفاعي، |
|
| 300 | _a16ص. | ||
| 490 | 0 |
_aفجر الهدى والإيمان:أعلام آل البيت ( نساء) _v14 |
|
| 650 | 1 | 7 | _aآل البيت |
| 650 | 1 | 7 | _aالسيرة النبوية |
| 653 | _aناشئون صغار (10-14) سنة | ||
| 942 |
_2ddc _cBK |
||
| 999 |
_c119500 _d119500 |
||